مكتبة جامعة عجلون الوطنية

فهرس بحث المكتبة

Normal view MARC view
  • البنوك الاردنية-معالجة البيانات الالكترونية -الاردن

Entry Topical Term

Number of records used in: 1

001 - CONTROL NUMBER

  • control field: 59794

003 - CONTROL NUMBER IDENTIFIER

  • control field: JO-AjAnu

005 - DATE AND TIME OF LATEST TRANSACTION

  • control field: 20230606083757.0

008 - FIXED-LENGTH DATA ELEMENTS

  • fixed length control field: 230606|| aca||aabn | a|a d

040 ## - CATALOGING SOURCE

  • Original cataloging agency: JO-AjAnu
  • Transcribing agency: JO-AjAnu

150 ## - HEADING--TOPICAL TERM

  • Topical term or geographic name entry element: البنوك الاردنية-معالجة البيانات الالكترونية -الاردن

670 ## - SOURCE DATA FOUND

  • Source citation: Work cat.: (JO-AjAnu)30493: اعداد: القضاة، اريج فهيم علي؛ اشراف: ليث عبدالله محمد العريان, author 59793, اثر حوكمة تقنيات المعلومات وفق اطار (COBIT 5) على جودة المعلومات المالية في البنوك التجارية الاردنية = The impact of information technology governance in accordance with (COBIT 5) framework on the quality of financial information of jordanian commercial banks